Statistics for Saints Row Characters Quiz

Click here to take the quiz!

General Stats

  • This quiz has been taken 454 times
  • The average score is 9 of 26

Answer Stats

HintAnswer% Correct
SR 2,3&4Shaundi
83%
SR 1,2&3Johnny Gat
81%
SR 2,3&4Pierce
78%
SR 1&2Julius
55%
SR 3&4Kinzie
55%
SR 3&4Oleg
50%
SR1Dex
49%
SR 1&2Troy
48%
SR 3&4Matt
47%
SR 2Carlos
45%
SR 1Lin
44%
SR 3Viola
39%
SR 3Killbane
37%
SR 3Angel
34%
SR 1&4Benjamin King
31%
SR 1&2Aisha
29%
SR 3Kiki
29%
SR 2Maero
22%
SR 1&2Donnie
20%
SR 3&4Josh
18%
SR 2Shogo
15%
SR 2Mr. Sunshine
14%
SR 2The General
12%
SR 3Philippe
4%
SR 1Hector Lopez
3%
SR 2Jyunachi
0%

Score Distribution

Percentile by Number Answered

Percent of People with Each Score

Your Score History

You have not taken this quiz